| 000 | 00931 a2200145 4500 | ||
|---|---|---|---|
| 003 | Nust | ||
| 005 | 20230208104123.0 | ||
| 040 | _cNust | ||
| 082 | _a954.1,THE | ||
| 245 | _aThe first fifty years of the staff College Quetta (1905-1955) / | ||
| 260 |
_aQuetta _bStaff college Quetta _c1962 |
||
| 300 | _a80 pages | ||
| 505 | _aThe Emblem (Page-1), The Charter of the staff College in 1905 and 1955 (Page-2), An Historical Sketch covering the first Fifty Years (Page-3), Broad Outline of the Syllabus in 1905 and 1955 (Page-27), Life in the Staff College in 1905 and 1955 (Page-31), The Trophies of the Staff College Officer’ Mess (Page-37), The Owl (Page-41), Commandants of the staff College from 1905 and 1955 (Page-42), The Directing Staff and Students of 1905 (Page-43), The Directing Staff and Students of 1955 (Page-45), Some of the Notable graduates (Page-48), Some Reminiscences (Page-49). | ||
| 942 |
_2ddc _cBK _k954.1,THE |
||
| 999 |
_c194007 _d194007 |
||